| 000 | 00988nam a2200229Ia 4500 | ||
|---|---|---|---|
| 999 |
_c41026 _d41026 |
||
| 001 | 7675 | ||
| 003 | GE_BSU | ||
| 005 | 20240123110543.0 | ||
| 008 | 181216s2013||||ge |||||||||||||| ||geo|| | ||
| 020 | _a9789941221156 | ||
| 040 | _cGE_BSU | ||
| 041 | _ageo | ||
| 080 | _a314.217(042.4) მ–27 | ||
| 100 |
_aმანველიძე, ირაკლი _92014 |
||
| 245 |
_aრეგიონთმცოდნეობის საფუძვლები : _bლექციების კურსი / _cირაკლი მანველიძე ; რედ. ინეზა ზოიძე. |
||
| 264 |
_aთბილისი : _bუნივერსალი, _c2013. |
||
| 300 |
_a400 გვ. ; _c20 სმ. |
||
| 504 | _aბიბლიოგრ. გვ. : 398-399 | ||
| 653 | _aრეგიონთმცოდნეობის საფუძვლები | ||
| 700 |
_aზოიძე, ინეზა _eრედაქტორი _92015 |
||
| 942 |
_cBK _2udc |
||